00555nam a2200133Ia 4500008004100000024005400041082001800095100007600113245004900189260002600238600002200264856011800286999001700404260210s9999 xx 000 0 und d a19B-027-PE, 19B-038-PE, 19B-039-PE and 19B-030-PE a621.31244 UZA aMuhammad Uzair, Muhammad Hamza, Abdullah Naeem and Muhammad Hamza Saeed 0aCommercial single axis solar tracking system aKarachi:bUITU,c2019 aPower Engineering uhttps://drive.google.com/file/d/1Bg6XJmBTE-f25y_B6G5IMVWihmw1NNoQ/view?usp=sharingyClick here for online reading c33370d33370